00442nam a2200157Ia 4500008004100000020001200041040001900053041001200072082002700084100002400111245004400135260005000179300002400229650002100253850001000274131103s9999 xx 000 0 und d cRs.2.50 aLoreto College aEnglish a813.3/HAWbLCLIB/19219 aHawthorne,Nathaniel 4aThe scarlel lettercNathaniel Hawthorne aNew DelhibEurasia Publishing Housec[19 - ?] axv,276 p. c 18 cm. aAmerican Fiction aLCLIB